000 01140nam a2200325 a 4500
001 000044252
003 DO-SdBNP
005 20260508131514.0
007 ta
008 140611s2001 dr 000 0 spa d
020 _a9993455016
040 _aDO-SdBPM
_bspa
_c BPMSU
_drda
082 0 4 _aRD864.42
_bS638r 2001
_222
245 0 0 _aRosa Smester :
_bmaestra de maestras /
_ccompilador Julio Jaime Julia ; editores José Rafael Vargas Tomás Castro Burdiez.
264 _aSanto Domingo :
_bCiguapa,
_c2001.
300 _a142 páginas ;
_c22 cm.
336 _atexto
_btxt
_2rdacontent
337 _asin mediación
_bn
_2rdamedia
338 _avolumen
_bnc
_2rdacarrier
590 _aInventariado, 2026/VM
600 1 7 _aSmester, Rosa
_d1874-1945
_xColecciones de escritos
_c
600 1 7 _aSméster, Rosa,
_d1874-1945
_xCrítica e interpretación
650 7 _a Ensayos dominicanos
700 1 2 _aJulia, Julio Jaime
_d1922-1993
_ecompilador
700 1 _aVargas, José Rafael
_eeditor
700 _aCastro, Tomás,
_d1959-
_eed.
700 z _aJaime Julia, Julio ,
910 _aVMateo V. Control de de calidad. BPMSU
942 _2ddc
_cBK
999 _c15833
_d15833